000 00530nam a2200217Ia 4500
003 OSt
005 20220918230643.0
006 a|||||r|||| 00| 0
007 ta
008 220917b |||||||| |||| 00| 0 eng d
024 _a256,889
037 _cTextual
040 _aARTS
_cARTS
_beng
041 _2eng
_aeng
082 _a(2:55)'N71-72, L1
245 0 _aPrincipal officers of the institute
260 _c1971
300 _a70p.
_ccm.
942 _h(2:55)'N71-72, L1
_cTEXL
_2CC
999 _c288589
_d288589